Selected short stories / (Registro nro. 131043)

Detalles MARC
000 -LEADER
campo de control de longitud fija 00682nam a2200205 4500
001 - NÚMERO DE CONTROL
campo de control 131043
003 - IDENTIFICADOR DE NÚMERO DE CONTROL
campo de control ES-MaACL
005 - FECHA Y HORA DE LA ÚLTIMA TRANSACCIÓN
campo de control 20260305162320.0
007 - CAMPO FIJO DE DESCRIPCIÓN FÍSICA--INFORMACIÓN GENERAL
campo de control de longitud fija t|
008 - DATOS DE LONGITUD FIJA--INFORMACIÓN GENERAL
campo de control de longitud fija 070214s1959 sp r ||||1| eng d
100 1# - ENTRADA PRINCIPAL--NOMBRE DE PERSONA
Nombre de persona Roberts, Cecil.
9 (RLIN) 97826
245 10 - MENCIÓN DEL TÍTULO
Título Selected short stories /
Mención de responsabilidad, etc. Cecil Roberts ; edited with an introduction by Charles David Ley.
260 ## - PUBLICACIÓN, DISTRIBUCIÓN, ETC.
Lugar de publicación, distribución, etc. Madrid :
Nombre del editor, distribuidor, etc. Alhambra,
Fecha de publicación, distribución, etc. 1959.
300 ## - DESCRIPCIÓN FÍSICA
Extensión 120 p. ;
Dimensiones 18 cm.
490 1# - MENCIÓN DE SERIE
Mención de serie Series of English Literature (Alhambra
700 1# - ENTRADA AGREGADA--NOMBRE PERSONAL
Nombre de persona Ley, Charles David,
Fechas asociadas al nombre 1913-1996
9 (RLIN) 72088
830 0# - PUNTO DE ACCESO ADICIONAL DE SERIE-TÍTULO UNIFORME
Título uniforme Series of English Literature (Alhambra)
9 (RLIN) 219551
852 ## - LOCALIZACIÓN
Ubicación ES-MaACL
Número de control de estantería C-18068
Sublocalización o colección R.44631
Existencias
Estatus retirado Estado de pérdida Estado de daño No para préstamo Biblioteca de origen Biblioteca actual Ubicación en estantería Fecha de adquisición Fuente de adquisición Total de préstamos Signatura topográfica completa Código de barras Visto por última vez Precio de reemplazo Tipo de ítem Koha
        Biblioteca del Ateneo de Madrid Biblioteca del Ateneo de Madrid Galería 17/01/2008     C-18068 1136431 23/02/2023 23/02/2023 Libro impreso